000 00708cab a22002175a 4500
001 L158372
008 150123e20150117xxk 000 0 eng d
035 _a(Sirsi) u158372
041 0 _aeng
100 1 _aWade, Andrew
245 0 0 _aSame difference?
260 _c2015
490 _aEstates Gazette
_v(1502) 17 January 2015, 56-57(2)
520 _aThe differences between England and Wales and Jersey in relation to the sale of land, leases and taxation. Areas covered include, title registration, leases, security of tenure and breach of termination.
590 _aKA
651 4 _aEngland and Wales
_y1543-
651 4 _aJersey
690 _aPROPERTY LAW
700 1 _aMelia, Julie
942 _n0
999 _c84576
_d84576